Animales que comienza con B - Estadísticas

Estadísticas generales
  • Esta prueba ha sido intentada 81 veces
  • La puntuación promedio es 9 de 12
Estadísticas de respuestas
Imagen Respuesta % Correcto
Ballena
99%
Burro
97%
Búho
95%
Boa
84%
Buitre
79%
Bisonte
78%
Babuino
68%
Buey
66%
Beluga
64%
Búfalo
60%
Bonobo
37%
Bonito
33%
No se encontraron pruebas coincidentes
Distribución de puntuación
Porcentaje de gente con cada puntuación
Porcentaje por número respondido
Historial de tus puntuaciones
No has intentado esta prueba.